000 00633nam a2200241Ia 4500
003 OSt
005 20220918224018.0
006 a|||||r|||| 00| 0
007 ta
008 220917b |||||||| |||| 00| 0 eng d
024 _a226,144
037 _cTextual
040 _aARTS
_cARTS
_beng
041 _2eng
_aeng
082 _aQ4v2, P2
100 _aDavids T. W. Rhys
_927436
245 0 _aHistory of Indian buddhism
260 _aNew Delhi
_bCosmo Publications India
_c2002
300 _axi,262p.
_ccm.
650 _aRELIGION
942 _hQ4v2, P2
_cTEXL
_2CC
999 _c280008
_d280008